| 000 | 01297cad a22002175a 4500 | ||
|---|---|---|---|
| 001 | L153880 | ||
| 008 | 110915s2011 xxk f 000 0 eng d | ||
| 035 | _a(Sirsi) u153880 | ||
| 041 | 0 | _aeng | |
| 110 | 2 |
_aOffice of Fair Trading _91355 |
|
| 245 | 0 | 0 |
_aAggregates _breport on the market study and proposed decision to make a market investigation reference _h[electronic resource] |
| 260 |
_aLondon _bOFT _c2011 |
||
| 520 | _aOver the last couple of decades the aggregates, cement and readymix concrete sectors have experienced substantial consolidation, mainly through acquisition. In September 2010 the OFT launched a market study into the aggregates sector to look at conditions of competition in the market and at whether the market delivered good value for money. This report concludes that the industry displays a number of features which may adversely affect competition. | ||
| 590 | _aKA NTK | ||
| 651 | 4 |
_aUnited Kingdom _y |
|
| 690 | _aBUILT ENVIRONMENT-CONSTRUCTION MARKET | ||
| 690 | _aBUILT ENVIRONMENT-BUILDING MATERIALS-CEMENTITIOUS, CONCRETE AND MINERAL BOUND MATERIALS-CONCRETE | ||
| 690 | _aBUILT ENVIRONMENT-BUILDING MATERIALS | ||
| 856 | 4 | 0 |
_uhttps://www.oft.gov.uk/shared_oft/market-studies/oft1358.pdf _zView the guidance free of charge at www.oft.gov.uk |
| 942 | _n0 | ||
| 999 |
_c112746 _d112746 |
||